| 000 | 03545nam0a2200457 4500 | ||
|---|---|---|---|
| 001 | RU\NLR\BIBL_A\016271849 | ||
| 005 | 20260406141809.0 | ||
| 010 |
_a978-5-4484-3772-4 _91000 |
||
| 021 |
_aRU _b2022-92598 _9КН-П-8261 |
||
| 035 | _a(RuMoRGB)011496919 | ||
| 035 | _a(NLR Aleph) 016271849 | ||
| 090 |
_a12888891 _c12888891 |
||
| 100 | _a20230130d2022 |||y0rusy50 ca | ||
| 101 | 0 | _arus | |
| 102 | _aRU | ||
| 105 | _aac z 000zd | ||
| 181 | 0 |
_ai3 _baxxe |
|
| 182 | 0 | _an | |
| 200 | 1 |
_aСталин против Зиновьева _fСергей Войтиков |
|
| 203 |
_aТекст _bвизуальный _cнепосредственный |
||
| 210 |
_aМосква _cВече _d2022 |
||
| 215 |
_a539, [4] с., [8] л. ил., портр. _d22 |
||
| 225 | 1 | _aСталиниана | |
| 320 | _aБиблиогр. в примеч.: с. 484-540 (1621 назв.) | ||
| 330 | _aИстория политической борьбы внутри ВКП(б) - КПСС ярко освещается в огромном массиве историографических и биографических трудов. Множество полноценных научных исследований посвящено Ленину, Сталину и Троцкому, однако в отечественной литературе практически отсутствуют работы о так называемых коллективных лидерах - внутрипартийной оппозиции. В книге С. С. Войтикова читатель сможет познакомиться с историей противостояния одного из таких незаслуженно забытых вождей со Сталиным. С опорой на подлинные документы той эпохи, архивные материалы и свидетельства очевидцев - членов партии и госслужащих автор подробно рассказывает о внутрипартийной борьбе и противостоянии двух тяжеловесов политического олимпа СССР начала 20-х годов, И. В. Сталина и Г. Е. Зиновьева. Благодаря четкой структурированности текста и легкости изложения материала эта книга будет интересна широкому кругу читателей | ||
| 333 | _a12+ | ||
| 600 | 1 |
_aСталин _bИ. В. _f1879 - 1953 _gИосиф Виссарионович _91004150 _3RU\NLR\AUTH\6663550 |
|
| 600 | 1 |
_aЗиновьев _bГ.Е. _f1883 - 1936 _gГригорий Евсеевич _92332677 _3RU\NLR\AUTH\661394817 |
|
| 601 | 0 | 2 |
_aКПСС _xВнутрипартийная борьба _xИстория _92327147 _3RU\NLR\AUTH\661391871 |
| 675 |
_a94(47+57)"19"(092) _v4 |
||
| 686 | 1 | _aТ3(2)7-8 | |
| 686 | 1 | _aТ3(2)71-8 | |
| 686 | 1 | _aТ3(2)714-30 | |
| 686 | 1 | _aФ61(2)271.4-6 | |
| 700 | 1 |
_aВойтиков _bС. С. _gСергей Сергеевич |
|
| 702 | 1 |
_4280 _8rus _7ca _aСталин _bИ. В. _f1879-1953 _gИосиф Виссарионович _3RU\NLR\AUTH\773464 _9113460 |
|
| 702 | 1 |
_4280 _aЗиновьев _bГ. Е. _cпартийный и государственный деятель _f1883-1936 _gГригорий Евсеевич _9141300 _3RU\NLR\AUTH\770141336 |
|
| 942 | _cBOOK | ||
| 980 | _aNB | ||